000 00817nam a2200265 a 4500
001 000023312
005 20200930022130.0
008 101202s1997 sp a r 000 | spa d
020 _a8476301308
040 _aDO-SdBNP
_bspa
_cBNPHU
082 _a615.321
_bL322 c
100 1 _aLargo, Raimundo J.
_948003
245 1 3 _aLa curación con plantas y arbustos /
_cRaimundo J. Largo y Francisco Ruiz de Sola.
260 _aMadrid :
_bLIBSA,
_c1997.
300 _a64 p. :
_bil. ;
_c27 cm.
490 1 _aMedicina natural
500 _aIncluye glosario
650 4 _aPlantas medicinales
_921554
650 4 _aMedicina empírica
_948004
650 4 _aMedicina popular
_912480
650 4 _aMedicina preventiva
_920041
700 1 _aRuiz de Sola, Francisco
_948005
830 0 _aMedicina natural
_948006
049 _aBNGR
999 _c22809
_d22809